00492nam a22001937a 450000500170000001000110001702000090002803500110003703700160004804000120006408200170007610000270009324500640012026000260018427000320021030000230024265000190026565000140028420170124105944.0 a048512 c8.00 a048512 bCen Lib/Ret aDPLbEN a336.278bCHA aChaturvedi, Kharag Ram aInter-state trade and sales tax /cby Kharag Ram Chaturvedi aCalcuttabThe Author  bCalcuttaa178, Cross Street aii,260p.c20cm(Hb) aSales tax--law aSales tax